[Event "Pilsen Open 2015"]
[Site "Pilsen CZE"]
[Date "2015.11.26"]
[Round "5.12"]
[White "Friedel, Roland"]
[Black "Kejzlar, Lubos"]
[Result "0-1"]
[WhiteElo "1696"]
[BlackElo "1922"]
[PlyCount "34"]
[EventDate "2015.11.22"]
[EventType "swiss"]
[EventRounds "7"]
[EventCountry "CZE"]
[Source "lmi"]
[SourceDate "2015.11.22"]

1. d4 d6 2. Nf3 Bg4 3. e3 Nf6 4. Nbd2 e6 5. c3 Be7 6. Qb3 Qc8 7. Bd3 Nbd7 8. e4
c5 9. O-O O-O 10. Qc2 cxd4 11. Nxd4 Ne5 12. Be2 Bxe2 13. Nxe2 Qc7 14. h3 Rac8
15. f4 Nc4 16. Nxc4 Qxc4 17. Nd4 Qxd4+ 0-1

[Event "Pilsen Open 2015"]
[Site "Pilsen CZE"]
[Date "2015.11.26"]
[Round "5.13"]
[White "Leseticky, Vladimir"]
[Black "Hrdina, Karl"]
[Result "0-1"]
[WhiteElo "1658"]
[BlackElo "1883"]
[PlyCount "52"]
[EventDate "2015.11.22"]
[EventType "swiss"]
[EventRounds "7"]
[EventCountry "CZE"]
[Source "lmi"]
[SourceDate "2015.11.22"]

1. e4 e5 2. Nf3 Nc6 3. Bc4 Bc5 4. O-O Nf6 5. d4 Bxd4 6. Nxd4 Nxd4 7. f4 d6 8.
fxe5 dxe5 9. c3 Ne6 10. Bxe6 Bxe6 11. Qc2 Qd6 12. Be3 O-O 13. Nd2 Rfd8 14. Rf3
Ng4 15. Nf1 Bc4 16. b4 b6 17. Bg5 f6 18. Ne3 Nxe3 19. Bxe3 Qd3 20. Qc1 Qxe4 21.
Bh6 Rd3 22. Re3 Rxe3 23. Qxe3 Qxe3+ 24. Bxe3 Rd8 25. Kf2 Rd3 26. Rc1 f5 0-1

[Event "Pilsen Open 2015"]
[Site "Pilsen CZE"]
[Date "2015.11.26"]
[Round "5.14"]
[White "Sargsjan, Karen"]
[Black "Froehlich, Manuel"]
[Result "1-0"]
[WhiteElo "1868"]
[BlackElo "1675"]
[PlyCount "55"]
[EventDate "2015.11.22"]
[EventType "swiss"]
[EventRounds "7"]
[EventCountry "CZE"]
[Source "lmi"]
[SourceDate "2015.11.22"]

1. e4 c5 2. Nf3 d6 3. c3 Nc6 4. d4 cxd4 5. cxd4 Bg4 6. Be2 Qb6 7. d5 Bxf3 8.
Bxf3 Ne5 9. Qa4+ Kd8 10. Be2 Nd7 11. Nc3 Ngf6 12. O-O Nc5 13. Qa3 a5 14. Nb5
Ke8 15. b4 Ncxe4 16. Be3 Qd8 17. Qa4 Nd7 18. Rac1 e6 19. Nc7+ Ke7 20. Nxa8 Qxa8
21. Rc7 Qd8 22. Rfc1 Nec5 23. R1xc5 dxc5 24. Bxc5+ Kf6 25. Rxd7 Qc8 26. d6 axb4
27. Rc7 Qd8 28. Qxb4 1-0

[Event "Pilsen Open 2015"]
[Site "Pilsen CZE"]
[Date "2015.11.26"]
[Round "5.15"]
[White "Palla, Ivan"]
[Black "Sedivy, Roman"]
[Result "0-1"]
[WhiteElo "1580"]
[BlackElo "1767"]
[PlyCount "40"]
[EventDate "2015.11.22"]
[EventType "swiss"]
[EventRounds "7"]
[EventCountry "CZE"]
[Source "lmi"]
[SourceDate "2015.11.22"]

1. g3 d5 2. c4 e6 3. Bg2 Nf6 4. Nc3 Be7 5. cxd5 exd5 6. Nf3 O-O 7. d4 c6 8. O-O
Nbd7 9. h3 Re8 10. a3 Bd6 11. Re1 h6 12. e4 Nxe4 13. Nxe4 dxe4 14. Nd2 e3 15.
Ne4 exf2+ 16. Kxf2 Bc7 17. Qf3 f5 18. Qh5 fxe4 19. Bxe4 Nf6 20. Qg6 Qxd4+ 0-1

[Event "Pilsen Open 2015"]
[Site "Pilsen CZE"]
[Date "2015.11.26"]
[Round "5.16"]
[White "Pospisil, Petr"]
[Black "Thierry, Rein"]
[Result "1-0"]
[WhiteElo "1714"]
[BlackElo "1702"]
[PlyCount "87"]
[EventDate "2015.11.22"]
[EventType "swiss"]
[EventRounds "7"]
[EventCountry "CZE"]
[Source "lmi"]
[SourceDate "2015.11.22"]

1. d4 d5 2. c4 c6 3. Nc3 Nf6 4. Nf3 e6 5. Bf4 Bd6 6. Bg5 Nbd7 7. e3 O-O 8. Bd3
a6 9. c5 Bc7 10. b4 e5 11. dxe5 Bxe5 12. Rc1 Bc7 13. O-O Ne5 14. Bb1 Bg4 15. h3
Nxf3+ 16. gxf3 Bxh3 17. Re1 h6 18. Bh4 g5 19. Bg3 Nh5 20. Kh2 Be6 21. Qd3 f5
22. Ne2 Bxg3+ 23. fxg3 Qc7 24. Rg1 Nf6 25. Nd4 Rae8 26. Rce1 Nd7 27. Kg2 Ne5
28. Qd2 Nc4 29. Qd3 Ne5 30. Qe2 Bc8 31. Rh1 Rf6 32. Rh2 Nf7 33. Qd2 Kg7 34. Kf2
Ne5 35. Rg2 Nc4 36. Qc3 Kf7 37. f4 g4 38. Bd3 Be6 39. Rh2 Ke7 40. Reh1 Rh8 41.
Bxf5 Qc8 42. Bxe6 Rxe6 43. Nxe6 Qxe6 44. Qg7+ 1-0

[Event "Pilsen Open 2015"]
[Site "Pilsen CZE"]
[Date "2015.11.27"]
[Round "6.1"]
[White "Borsos, Bogdan"]
[Black "Jurek, Josef"]
[Result "1/2-1/2"]
[WhiteElo "2278"]
[BlackElo "2290"]
[PlyCount "38"]
[EventDate "2015.11.22"]
[EventType "swiss"]
[EventRounds "7"]
[EventCountry "CZE"]
[Source "lmi"]
[SourceDate "2015.11.22"]

1. d4 e6 2. c4 Nf6 3. Nc3 Bb4 4. e3 c5 5. Nge2 cxd4 6. exd4 d5 7. a3 Be7 8. Nf4
O-O 9. cxd5 Nxd5 10. Ncxd5 exd5 11. Bd3 Nc6 12. Be3 Bg5 13. Qh5 h6 14. O-O Bxf4
15. Bxf4 Qf6 16. Be5 Qg5 17. Qxg5 hxg5 18. Rfe1 Re8 19. Bb5 Bd7 1/2-1/2

[Event "Pilsen Open 2015"]
[Site "Pilsen CZE"]
[Date "2015.11.27"]
[Round "6.2"]
[White "Docekal, Jan"]
[Black "Palek, Miroslav"]
[Result "1-0"]
[WhiteElo "2276"]
[BlackElo "2214"]
[PlyCount "85"]
[EventDate "2015.11.22"]
[EventType "swiss"]
[EventRounds "7"]
[EventCountry "CZE"]
[Source "lmi"]
[SourceDate "2015.11.22"]

1. e4 c5 2. Nf3 a6 3. c4 e6 4. Nc3 Nc6 5. Be2 Nf6 6. O-O Qc7 7. d4 cxd4 8. Nxd4
Be7 9. Be3 d6 10. Rc1 Ne5 11. f4 Ned7 12. Bf3 Rb8 13. Qe2 h5 14. h3 Ra8 15. a3
Rb8 16. Rfd1 Ra8 17. b4 Nb6 18. Ndb5 axb5 19. Nxb5 Qd8 20. e5 O-O 21. exf6 Bxf6
22. Rxd6 Nd7 23. Rcd1 Ra6 24. Bc5 Be7 25. Qd3 Nxc5 26. Rxd8 Nxd3 27. Rxf8+ Kxf8
28. Rxd3 b6 29. Bxh5 g6 30. Bf3 f6 31. Bc6 e5 32. fxe5 fxe5 33. Rf3+ Kg7 34.
Bd5 Bg5 35. Nd6 Bf5 36. Rg3 Bf4 37. Nxf5+ Kf6 38. Nd6 Bxg3 39. Ne4+ Ke7 40.
Nxg3 Rxa3 41. Ne4 Rb3 42. b5 Rd3 43. h4 1-0

[Event "Pilsen Open 2015"]
[Site "Pilsen CZE"]
[Date "2015.11.27"]
[Round "6.3"]
[White "Seddaoui, Yamine"]
[Black "Plischki, Sebastian"]
[Result "1-0"]
[WhiteElo "2153"]
[BlackElo "2392"]
[PlyCount "77"]
[EventDate "2015.11.22"]
[EventType "swiss"]
[EventRounds "7"]
[EventCountry "CZE"]
[Source "lmi"]
[SourceDate "2015.11.22"]

1. e4 c5 2. Nf3 e6 3. c4 Nc6 4. Be2 g5 5. d3 h6 6. Be3 Bg7 7. Nc3 d6 8. h3 Nd4
9. Bxd4 cxd4 10. Nb5 Qb6 11. Qd2 a6 12. Na3 Ne7 13. O-O O-O 14. Rab1 Ng6 15. b4
Qa7 16. Rfc1 Bd7 17. c5 dxc5 18. bxc5 Bc6 19. Nc4 Qxc5 20. Nb6 Qd6 21. Nxa8
Rxa8 22. Qb4 Qd7 23. Qb6 Nf4 24. Bf1 f5 25. g3 fxe4 26. dxe4 Ng6 27. Rb4 Rd8
28. Bd3 Kh7 29. Rxc6 bxc6 30. e5 c5 31. Rb3 Rc8 32. Qxa6 Qc6 33. Rb6 Qxf3 34.
Bxg6+ Kxg6 35. Qxc8 Kh7 36. Qxe6 Qe4 37. Qc6 Qxe5 38. Qg6+ Kg8 39. Re6 1-0

[Event "Pilsen Open 2015"]
[Site "Pilsen CZE"]
[Date "2015.11.27"]
[Round "6.4"]
[White "Ianov, Viktor"]
[Black "Ilandzis, Spyridon"]
[Result "1/2-1/2"]
[WhiteElo "2305"]
[BlackElo "2173"]
[PlyCount "78"]
[EventDate "2015.11.22"]
[EventType "swiss"]
[EventRounds "7"]
[EventCountry "CZE"]
[Source "lmi"]
[SourceDate "2015.11.22"]

1. Nf3 c5 2. c4 Nc6 3. g3 g6 4. Nc3 Bg7 5. Bg2 e6 6. d4 cxd4 7. Nb5 d5 8. cxd5
exd5 9. O-O Nge7 10. Nbxd4 Qb6 11. Nb3 O-O 12. Be3 Qc7 13. Nfd4 Bg4 14. h3 Bd7
15. Rc1 Rad8 16. Qd2 Nf5 17. Bg5 Rde8 18. e3 Qb8 19. Nc5 Bc8 20. Bf4 Be5 21.
Nxf5 Bxf4 22. gxf4 Bxf5 23. Qxd5 Rd8 24. Qb3 Rd2 25. Nxb7 Nd8 26. Qc3 Rd3 27.
Qc7 Nxb7 28. Qxb7 Qxb7 29. Bxb7 Bxh3 30. Bg2 Bxg2 31. Kxg2 Rd2 32. Rc7 Rb8 33.
Rxa7 Rbxb2 34. a4 Kg7 35. Kg3 Kf6 36. a5 Ra2 37. a6 Rd6 38. Re1 Raxa6 39. Rb7
Rab6 1/2-1/2

[Event "Pilsen Open 2015"]
[Site "Pilsen CZE"]
[Date "2015.11.27"]
[Round "6.5"]
[White "Juricek, Stanislav"]
[Black "Dambrauskas, Virginijus"]
[Result "0-1"]
[WhiteElo "2107"]
[BlackElo "2267"]
[PlyCount "76"]
[EventDate "2015.11.22"]
[EventType "swiss"]
[EventRounds "7"]
[EventCountry "CZE"]
[Source "lmi"]
[SourceDate "2015.11.22"]

1. e4 c5 2. f4 d5 3. exd5 Qxd5 4. Nc3 Qd8 5. Nf3 Nc6 6. Bb5 Bd7 7. Bxc6 Bxc6 8.
d3 e6 9. Qe2 Be7 10. O-O Nh6 11. Ne5 Qc7 12. Bd2 Nf5 13. Rae1 Bh4 14. Rc1 Bf6
15. Rce1 h5 16. Nxc6 Qxc6 17. Qe4 Qxe4 18. dxe4 O-O-O 19. Nb1 Nh6 20. c3 Rd3
21. Re3 Rhd8 22. Rxd3 Rxd3 23. Kf2 Be7 24. Ke2 c4 25. Be3 a6 26. h3 f5 27. e5
Nf7 28. Nd2 b5 29. g4 hxg4 30. hxg4 fxg4 31. f5 Nxe5 32. Ne4 Kd7 33. Bd4 Nf3
34. fxe6+ Kxe6 35. Be3 Kf5 36. Nf2 Rd5 37. Nxg4 Kxg4 38. Rxf3 Rf5 0-1

[Event "Pilsen Open 2015"]
[Site "Pilsen CZE"]
[Date "2015.11.27"]
[Round "6.6"]
[White "Malinovsky, Petr"]
[Black "Piankov, Evgenij"]
[Result "0-1"]
[WhiteElo "1951"]
[BlackElo "2233"]
[PlyCount "72"]
[EventDate "2015.11.22"]
[EventType "swiss"]
[EventRounds "7"]
[EventCountry "CZE"]
[Source "lmi"]
[SourceDate "2015.11.22"]

1. d4 Nf6 2. c4 g6 3. f3 d5 4. cxd5 Nxd5 5. e4 Nb6 6. Be3 Bg7 7. Nc3 O-O 8. Qd2
Nc6 9. Rd1 e6 10. b3 Qe7 11. Bb5 Rd8 12. Bxc6 bxc6 13. Qc2 Qh4+ 14. Qf2 Qh5 15.
Nge2 Ba6 16. O-O Qa5 17. Rd2 c5 18. Rfd1 c4 19. Rc2 Qa3 20. Nb1 Qe7 21. Rdc1
cxb3 22. axb3 Rd7 23. Nbc3 Qb4 24. Ra2 Bxe2 25. Nxe2 Qxb3 26. Rac2 a5 27. Nc3
Nc4 28. e5 Nxe3 29. Qxe3 a4 30. Qe4 Rad8 31. Rb1 Rxd4 32. Rxb3 Rxe4 33. Rb7 Rc4
34. f4 Rxf4 35. Rxc7 Bxe5 36. g3 Bxc7 0-1

[Event "Pilsen Open 2015"]
[Site "Pilsen CZE"]
[Date "2015.11.27"]
[Round "6.7"]
[White "Prachar, Josef"]
[Black "Kuba, Stanislav"]
[Result "0-1"]
[WhiteElo "1940"]
[BlackElo "2135"]
[PlyCount "74"]
[EventDate "2015.11.22"]
[EventType "swiss"]
[EventRounds "7"]
[EventCountry "CZE"]
[Source "lmi"]
[SourceDate "2015.11.22"]

1. d4 Nf6 2. c4 g6 3. Nc3 Bg7 4. e4 d6 5. f4 c6 6. Nf3 O-O 7. Be2 a6 8. e5 Ne8
9. Be3 b5 10. O-O bxc4 11. Bxc4 Bg4 12. h3 Bxf3 13. Qxf3 d5 14. Bb3 e6 15. Na4
Nc7 16. Rac1 a5 17. Nc5 Nca6 18. Ba4 Nxc5 19. Rxc5 Qb6 20. b3 Rc8 21. Rfc1 Bf8
22. R5c2 Ba3 23. Rf1 Na6 24. Kh1 c5 25. Bc1 Qb4 26. Bxa3 Qxa3 27. dxc5 Rxc5 28.
Rxc5 Nxc5 29. f5 gxf5 30. Bc6 Rf8 31. g4 f4 32. Qxf4 Ne4 33. Bd7 Qe7 34. Bb5
Qh4 35. Kg2 Ng5 36. Qe3 Rc8 37. Rf2 d4 0-1

[Event "Pilsen Open 2015"]
[Site "Pilsen CZE"]
[Date "2015.11.27"]
[Round "6.8"]
[White "Klucznik, Andre"]
[Black "Pavlicek, Petr"]
[Result "1/2-1/2"]
[WhiteElo "1864"]
[BlackElo "1929"]
[PlyCount "80"]
[EventDate "2015.11.22"]
[EventType "swiss"]
[EventRounds "7"]
[EventCountry "CZE"]
[Source "lmi"]
[SourceDate "2015.11.22"]

1. Nf3 Nf6 2. c4 g6 3. g3 Bg7 4. Nc3 d5 5. cxd5 Nxd5 6. Bg2 O-O 7. O-O c5 8. e4
Nxc3 9. dxc3 Nc6 10. Be3 b6 11. Qc1 Qc7 12. Bh6 e5 13. Bxg7 Kxg7 14. Nh4 Ba6
15. Rd1 f6 16. b3 Rad8 17. Rd5 Ne7 18. Rxd8 Rxd8 19. Bf3 Rd6 20. Ng2 Bb7 21.
Ne3 Qd8 22. c4 Nc6 23. Nd5 Nd4 24. Bd1 Qd7 25. f4 Bxd5 26. fxe5 fxe5 27. exd5
Rf6 28. Qg5 Rf5 29. Qe3 Qf7 30. Bg4 Nc2 31. Qc1 Nxa1 32. Bxf5 Nxb3 33. axb3
Qxf5 34. Qa1 a5 35. d6 Kf6 36. Qa4 Qb1+ 37. Kg2 Qc2+ 38. Kh3 Qf5+ 39. Kg2 g5
40. Qe8 Qe4+ 1/2-1/2

[Event "Pilsen Open 2015"]
[Site "Pilsen CZE"]
[Date "2015.11.27"]
[Round "6.9"]
[White "Kejzlar, Lubos"]
[Black "Gronde, Benedikt"]
[Result "1-0"]
[WhiteElo "1922"]
[BlackElo "1823"]
[PlyCount "47"]
[EventDate "2015.11.22"]
[EventType "swiss"]
[EventRounds "7"]
[EventCountry "CZE"]
[Source "lmi"]
[SourceDate "2015.11.22"]

1. e4 e5 2. Nf3 Nc6 3. Bc4 Bc5 4. c3 Nf6 5. d3 d6 6. h3 h6 7. b4 Bb6 8. a4 a6
9. Nbd2 O-O 10. O-O Ne7 11. Bb3 c6 12. Nc4 Bc7 13. a5 Ng6 14. Be3 Be6 15. Ncd2
Bxb3 16. Nxb3 Nh5 17. Nxe5 Nxe5 18. Qxh5 Nxd3 19. f4 Qc8 20. Qf3 Qe6 21. Nd4
Qc4 22. Nf5 c5 23. Qg4 Qxc3 24. Bd4 1-0

[Event "Pilsen Open 2015"]
[Site "Pilsen CZE"]
[Date "2015.11.27"]
[Round "6.10"]
[White "Pribylova, Sofie"]
[Black "Atmani, Amine"]
[Result "1-0"]
[WhiteElo "1888"]
[BlackElo "1575"]
[PlyCount "37"]
[EventDate "2015.11.22"]
[EventType "swiss"]
[EventRounds "7"]
[EventCountry "CZE"]
[Source "lmi"]
[SourceDate "2015.11.22"]

1. d4 e6 2. Bf4 c5 3. e3 d5 4. Nf3 Nf6 5. c3 Nc6 6. Nbd2 Be7 7. Bd3 O-O 8. O-O
b6 9. Ne5 Bb7 10. Qf3 Bd6 11. Qh3 Ne7 12. Ng4 Ng6 13. Nxf6+ gxf6 14. Bxd6 Qxd6
15. f4 e5 16. dxe5 fxe5 17. f5 Ne7 18. f6 Ng6 19. Qh6 1-0

[Event "Pilsen Open 2015"]
[Site "Pilsen CZE"]
[Date "2015.11.27"]
[Round "6.11"]
[White "Alekseev, Vladimir K"]
[Black "Friedel, Roland"]
[Result "1/2-1/2"]
[WhiteElo "1352"]
[BlackElo "1696"]
[PlyCount "83"]
[EventDate "2015.11.22"]
[EventType "swiss"]
[EventRounds "7"]
[EventCountry "CZE"]
[Source "lmi"]
[SourceDate "2015.11.22"]

1. g3 d5 2. Nf3 Nf6 3. Bg2 Bf5 4. O-O e6 5. c4 c6 6. Nc3 Be7 7. Qb3 Qb6 8. Qxb6
axb6 9. cxd5 exd5 10. d3 O-O 11. Be3 Nbd7 12. a3 Rfe8 13. Rfe1 Bd6 14. Bd2 h6
15. Nd4 Bh7 16. e4 dxe4 17. Nxe4 Nxe4 18. Bxe4 Bxe4 19. Rxe4 Rxe4 20. dxe4 Be5
21. Bc3 Nc5 22. Ne2 Bxc3 23. Nxc3 Rd8 24. f3 b5 25. Rd1 Rxd1+ 26. Nxd1 Kf8 27.
Kf2 Ke7 28. Ke3 Kd6 29. Nf2 f6 30. Nd3 Ne6 31. b4 b6 32. f4 c5 33. bxc5+ bxc5
34. h4 Nd4 35. Kd2 Nc6 36. Kc3 h5 37. Nf2 Nd4 38. Kd3 Nf3 39. Ke2 Nd4+ 40. Kd3
Ne6 41. Kc3 Nd4 42. Kd3 1/2-1/2

[Event "Pilsen Open 2015"]
[Site "Pilsen CZE"]
[Date "2015.11.28"]
[Round "7.1"]
[White "Seddaoui, Yamine"]
[Black "Docekal, Jan"]
[Result "1/2-1/2"]
[WhiteElo "2153"]
[BlackElo "2276"]
[PlyCount "84"]
[EventDate "2015.11.22"]
[EventType "swiss"]
[EventRounds "7"]
[EventCountry "CZE"]
[Source "lmi"]
[SourceDate "2015.11.22"]

1. e4 c5 2. Nf3 d6 3. d4 cxd4 4. Nxd4 Nf6 5. Nc3 a6 6. Bg5 e6 7. f4 Nbd7 8. Qf3
Be7 9. O-O-O Qc7 10. g4 h6 11. Bh4 g5 12. fxg5 Ne5 13. Qe2 Nfxg4 14. Nf3 Nxf3
15. Qxf3 hxg5 16. Bg3 Ne5 17. Qf2 Bd7 18. Be2 Rh7 19. h4 O-O-O 20. hxg5 Bxg5+
21. Kb1 Rdh8 22. Rxh7 Rxh7 23. Qa7 f6 24. Qa8+ Qb8 25. Qxb8+ Kxb8 26. Rxd6 Kc7
27. Bxe5 fxe5 28. Rd1 Rh2 29. a3 Bc6 30. Bd3 Be3 31. Na2 Rg2 32. Nb4 Be8 33.
Bc4 a5 34. Na2 Ba4 35. Bd3 Bd2 36. Rf1 Bc6 37. Rd1 Rf2 38. Rh1 Rg2 39. Rd1 Rh2
40. Rf1 Kd6 41. b4 axb4 42. axb4 b5 1/2-1/2

[Event "Pilsen Open 2015"]
[Site "Pilsen CZE"]
[Date "2015.11.28"]
[Round "7.2"]
[White "Jurek, Josef"]
[Black "Kiltti, Jyrki"]
[Result "0-1"]
[WhiteElo "2290"]
[BlackElo "2203"]
[PlyCount "80"]
[EventDate "2015.11.22"]
[EventType "swiss"]
[EventRounds "7"]
[EventCountry "CZE"]
[Source "lmi"]
[SourceDate "2015.11.22"]

1. Nf3 c5 2. c4 Nc6 3. Nc3 Nf6 4. g3 d5 5. cxd5 Nxd5 6. Bg2 g6 7. O-O Bg7 8.
Nxd5 Qxd5 9. d3 O-O 10. Be3 Bxb2 11. Rb1 Bg7 12. Nd4 Qxa2 13. Nxc6 bxc6 14.
Bxc6 Bh3 15. Bxa8 Bxf1 16. Bf3 Bh3 17. Bxc5 Bf6 18. d4 Rd8 19. Ra1 Qc4 20. e3
a6 21. Ra4 Qe6 22. Rb4 Qa2 23. Rb6 Qc4 24. Qb1 h5 25. Rb4 Qc3 26. Be4 Kg7 27.
Bd3 a5 28. Rb3 Qd2 29. Rb2 Qc3 30. Rb7 Rd7 31. Rb3 Qd2 32. Be4 a4 33. Ra3 e5
34. Ra2 Qc3 35. Ra3 Qd2 36. Rd3 Qe2 37. d5 Rb7 38. Qd1 Qa2 39. Ra3 Qc4 40. Rxa4
Qxc5 0-1

[Event "Pilsen Open 2015"]
[Site "Pilsen CZE"]
[Date "2015.11.28"]
[Round "7.3"]
[White "Kuba, Stanislav"]
[Black "Ianov, Viktor"]
[Result "0-1"]
[WhiteElo "2135"]
[BlackElo "2305"]
[PlyCount "150"]
[EventDate "2015.11.22"]
[EventType "swiss"]
[EventRounds "7"]
[EventCountry "CZE"]
[Source "lmi"]
[SourceDate "2015.11.22"]

1. g3 Nf6 2. Bg2 g6 3. Nf3 Bg7 4. d4 O-O 5. O-O d6 6. c4 Nbd7 7. Nc3 e5 8. h3
c6 9. Bg5 h6 10. Be3 Re8 11. Qd2 Kh7 12. dxe5 dxe5 13. Rfd1 Qe7 14. Rac1 e4 15.
Nd4 Nb6 16. b3 Bd7 17. a4 Rad8 18. a5 Nc8 19. Qa2 c5 20. Ndb5 Bc6 21. a6 b6 22.
Qc2 Kg8 23. Rxd8 Rxd8 24. Rd1 Rxd1+ 25. Qxd1 g5 26. Qd2 Bxb5 27. Nxb5 Ne8 28.
Qd5 Ncd6 29. Qa8 Nxb5 30. cxb5 f5 31. Bd2 Bf8 32. Qb7 Nd6 33. Qc6 Qe6 34. b4
cxb4 35. Bxb4 Qc4 36. Bxd6 Qxc6 37. bxc6 Bxd6 38. g4 fxg4 39. hxg4 e3 40. fxe3
Kf8 41. Kf2 Ke7 42. Kf3 Bc5 43. Ke4 Kd6 44. Kd3 b5 45. Bd5 Bb6 46. e4 Kc5 47.
Kc3 Bc7 48. Be6 Be5+ 49. Kb3 Kxc6 50. Kb4 Kb6 51. Bc8 Bd6+ 52. Kb3 Kc5 53. Bd7
b4 54. e3 Be5 55. Be6 Bc3 56. Bc4 Kd6 57. Kc2 Ke5 58. Kd3 Kf6 59. Bb5 h5 60.
gxh5 g4 61. Bc4 Be5 62. Ke2 Kg5 63. Bf7 Kh4 64. Kf2 Kh3 65. Kg1 Kg3 66. h6 Kf3
67. Be6 g3 68. h7 Kxe4 69. Kg2 Kxe3 70. h8=Q Bxh8 71. Kxg3 Be5+ 72. Kg2 Kd2 73.
Kf3 Kc2 74. Ke2 b3 75. Bf5+ Kc1 0-1

[Event "Pilsen Open 2015"]
[Site "Pilsen CZE"]
[Date "2015.11.28"]
[Round "7.4"]
[White "Palek, Miroslav"]
[Black "Scholzen, Wolfgang"]
[Result "1-0"]
[WhiteElo "2214"]
[BlackElo "2065"]
[PlyCount "73"]
[EventDate "2015.11.22"]
[EventType "swiss"]
[EventRounds "7"]
[EventCountry "CZE"]
[Source "lmi"]
[SourceDate "2015.11.22"]

1. e4 e6 2. d4 d5 3. Nc3 Bb4 4. a3 Bxc3+ 5. bxc3 dxe4 6. Qg4 Nf6 7. Qxg7 Rg8 8.
Qh6 Rg6 9. Qh4 c5 10. Ne2 Rg4 11. Qh6 Rg6 12. Qe3 Nc6 13. Bb2 Qa5 14. dxc5 Bd7
15. h3 O-O-O 16. O-O-O Ne7 17. c4 Bc6 18. Nf4 Rxd1+ 19. Kxd1 Qd8+ 20. Kc1 Nf5
21. Qc3 Rh6 22. Be2 Nd7 23. Kb1 e5 24. Nd5 Nd4 25. Qe3 Rg6 26. Bxd4 exd4 27.
Qxd4 Rxg2 28. Bg4 Bxd5 29. Qxd5 Rxf2 30. Rd1 f5 31. Bxf5 Rxf5 32. Qxf5 Qe7 33.
Qd5 Nxc5 34. Qd6 Qxd6 35. Rxd6 Kc7 36. Rh6 e3 37. Kc1 1-0

[Event "Pilsen Open 2015"]
[Site "Pilsen CZE"]
[Date "2015.11.28"]
[Round "7.5"]
[White "Simet, Martin"]
[Black "Thalwitzer, David"]
[Result "1/2-1/2"]
[WhiteElo "2116"]
[BlackElo "2124"]
[PlyCount "57"]
[EventDate "2015.11.22"]
[EventType "swiss"]
[EventRounds "7"]
[EventCountry "CZE"]
[Source "lmi"]
[SourceDate "2015.11.22"]

1. e4 c5 2. Nf3 d6 3. d4 cxd4 4. Nxd4 Nf6 5. Nc3 g6 6. Be3 Bg7 7. f4 O-O 8. Qd2
Nc6 9. O-O-O Nxd4 10. Bxd4 Be6 11. Kb1 Qc7 12. g4 Rfc8 13. h4 Qa5 14. a3 Bc4
15. h5 Bxf1 16. Rhxf1 Rc4 17. h6 Bh8 18. Bxf6 Bxf6 19. Nd5 Qxd2 20. Nxf6+ exf6
21. Rxd2 Rc6 22. Rfd1 Rd8 23. b4 Kf8 24. Rd3 Ke7 25. Kb2 Ke6 26. Rd5 Rdc8 27.
R1d2 Ke7 28. R5d3 a6 29. c3 1/2-1/2

[Event "Pilsen Open 2015"]
[Site "Pilsen CZE"]
[Date "2015.11.28"]
[Round "7.6"]
[White "Plischki, Sebastian"]
[Black "Kejzlar, Lubos"]
[Result "1-0"]
[WhiteElo "2392"]
[BlackElo "1922"]
[PlyCount "71"]
[EventDate "2015.11.22"]
[EventType "swiss"]
[EventRounds "7"]
[EventCountry "CZE"]
[Source "lmi"]
[SourceDate "2015.11.22"]

1. d4 d6 2. e4 Nf6 3. f3 d5 4. Nc3 e6 5. e5 Nfd7 6. f4 c5 7. Nf3 Nc6 8. Be3 a6
9. Qd2 cxd4 10. Nxd4 Nxd4 11. Bxd4 Bc5 12. O-O-O Bxd4 13. Qxd4 Qc7 14. Kb1 b5
15. Bd3 Qc5 16. Ne2 Bb7 17. Qxc5 Nxc5 18. Nd4 Ke7 19. h4 Nxd3 20. cxd3 h5 21.
Rhf1 g6 22. a3 Rac8 23. Rc1 Kd7 24. g3 Bc6 25. Rc5 Rc7 26. Rfc1 Rhc8 27. b4 Bb7
28. Rxc7+ Rxc7 29. Rxc7+ Kxc7 30. Kc2 Bc8 31. Kc3 Kb6 32. Ne2 Kc6 33. Kd4 Bd7
34. Nc3 Kb6 35. f5 gxf5 36. Ne2 1-0

[Event "Pilsen Open 2015"]
[Site "Pilsen CZE"]
[Date "2015.11.28"]
[Round "7.7"]
[White "Gouma, Ronald"]
[Black "Juricek, Stanislav"]
[Result "0-1"]
[WhiteElo "1897"]
[BlackElo "2107"]
[PlyCount "88"]
[EventDate "2015.11.22"]
[EventType "swiss"]
[EventRounds "7"]
[EventCountry "CZE"]
[Source "lmi"]
[SourceDate "2015.11.22"]

1. e4 e5 2. Nf3 Nc6 3. d4 exd4 4. Nxd4 Bc5 5. Be3 Qf6 6. c3 Nge7 7. g3 d5 8.
Bg2 dxe4 9. Nd2 Bb6 10. Nxe4 Qg6 11. O-O O-O 12. Nxc6 Nxc6 13. Bxb6 axb6 14. f4
Bf5 15. Nf2 Rfd8 16. Qc1 h5 17. Rd1 Qe6 18. Re1 Qc4 19. b3 Qc5 20. b4 Qc4 21.
Bf1 Qd5 22. Rd1 Qf3 23. Re1 Qd5 24. Rd1 Qe6 25. Re1 Qf6 26. Bg2 Rd7 27. Qb2 Qd8
28. Rad1 Rxd1 29. Nxd1 Qd3 30. Nf2 Qc4 31. a3 g6 32. Bf1 Qd5 33. Bg2 Qd7 34.
Bf3 Kf8 35. Kg2 Re8 36. Rd1 Qe6 37. h3 Qf6 38. g4 Bc8 39. gxh5 Qxf4 40. hxg6
Re3 41. g7+ Kxg7 42. Bxc6 bxc6 43. c4+ f6 44. Rf1 Rg3+ 0-1

[Event "Pilsen Open 2015"]
[Site "Pilsen CZE"]
[Date "2015.11.28"]
[Round "7.8"]
[White "Sargsjan, Karen"]
[Black "Domanski, Lukasz"]
[Result "1-0"]
[WhiteElo "1868"]
[BlackElo "2083"]
[PlyCount "35"]
[EventDate "2015.11.22"]
[EventType "swiss"]
[EventRounds "7"]
[EventCountry "CZE"]
[Source "lmi"]
[SourceDate "2015.11.22"]

1. e4 e5 2. Nf3 d6 3. d4 exd4 4. Nxd4 Nf6 5. Nc3 Be7 6. Bd3 Nc6 7. Nxc6 bxc6 8.
O-O O-O 9. f4 d5 10. e5 Bc5+ 11. Kh1 Ng4 12. Qe1 Re8 13. h3 Nh6 14. f5 Bd4 15.
Bxh6 gxh6 16. f6 Rxe5 17. Qh4 Bxc3 18. Qxh6 1-0

[Event "Pilsen Open 2015"]
[Site "Pilsen CZE"]
[Date "2015.11.28"]
[Round "7.9"]
[White "Hajek, Jiri"]
[Black "Von Keyserlingk, Chanda"]
[Result "1-0"]
[WhiteElo "1934"]
[BlackElo "1743"]
[PlyCount "119"]
[EventDate "2015.11.22"]
[EventType "swiss"]
[EventRounds "7"]
[EventCountry "CZE"]
[Source "lmi"]
[SourceDate "2015.11.22"]

1. e4 c6 2. Nf3 d5 3. Nc3 Bg4 4. d4 e6 5. Be2 dxe4 6. Nxe4 Nf6 7. Ng3 Nbd7 8.
h3 Bxf3 9. Bxf3 Bd6 10. O-O O-O 11. Ne4 Nxe4 12. Bxe4 Qc7 13. c3 Nf6 14. Bd3
Bf4 15. Qc2 Bxc1 16. Raxc1 h6 17. Rce1 Rad8 18. Re2 Rd7 19. f4 Nh5 20. Re5 Nf6
21. g4 Rd5 22. Bc4 Rxe5 23. fxe5 Nd5 24. Qe4 Qe7 25. Bd3 g6 26. a3 b5 27. Kg2
Qg5 28. Kg3 Qe3+ 29. Rf3 Qxe4 30. Bxe4 Kg7 31. h4 Rc8 32. Bxd5 cxd5 33. Kf4 Kf8
34. Ke3 a5 35. Kd3 Rc7 36. Rf1 Kg7 37. b3 Rc8 38. Rf2 Rc7 39. Rc2 Kf8 40. c4
bxc4+ 41. bxc4 dxc4+ 42. Rxc4 Rb7 43. Kc2 Rd7 44. Kc3 Kg7 45. Rc5 Ra7 46. g5 h5
47. a4 Kf8 48. Kc4 Ke7 49. Kb5 Rd7 50. Kxa5 Rxd4 51. Kb5 Kd7 52. a5 Rd1 53. Kb6
Rb1+ 54. Rb5 Rc1 55. a6 Rc6+ 56. Ka5 Rc8 57. a7 Rc1 58. Rb4 Rc5+ 59. Ka6 Rc1
60. a8=Q 1-0